Statistics for Name The Author

Click here to take the quiz!

General Stats

  • This quiz has been taken 31 times
  • The average score is 6 of 16

Answer Stats

HintAnswer% Correct
Alice's Adventures In WonderlandLewis Carroll (Charles Lutwidge Dodgson)
82%
The Brothers KaramazovFyodor Dostoevsky
79%
DraculaBram Stoker
75%
The Wizard Of OzL. Frank Baum
68%
The PlagueAlbert Camus
64%
Pudd'nhead WilsonMark Twain (Samuel Clemens)
36%
Hadji MuratLeo Tolstoy
32%
The Salmon Of DoubtDouglas Adams
25%
A Tree Grows in BrooklynBetty Smith
21%
Diary Of A MadmanNikolai Gogol
21%
A Week On The Concord And Merrimack RiversHenry David Thoreau
18%
Six Characters In Search Of An AuthorLuigi Pirandello
14%
Praise Of FollyDesiderius Erasmus
14%
The Confidence ManHerman Melville
11%
Diary Of A Wimpy KidJeff Kinney
11%
Diary Of An Evil GeniusGary Patella
7%

Score Distribution

Percentile by Number Answered

Percent of People with Each Score

Your Score History

You have not taken this quiz